000 00406nam a2200157 i 4500
001 150606
003 ES-MaACL
005 20230906203608.0
007 t|
008 071031s1959 sp ||||1| spa d
245 0 0 _aValoración del río Llobregat.
260 _aBarcelona :
_b[s.n.],
_c1959.
300 _a32 p. ;
_c27 cm.
500 _aEjemplar multicopista.
852 _aES-MaACL
_j2018-F-28
_bR.44926
999 _c150606
_d150606